| 000 | 01358cam a2200349 i 4500 | ||
|---|---|---|---|
| 999 |
_c63340 _d63340 |
||
| 001 | 63340 | ||
| 003 | Mx-PuUPA | ||
| 005 | 20210215164153.0 | ||
| 008 | 140415s1999 sp a r 000 0 spa d | ||
| 020 | _a8423976076 | ||
| 040 |
_aMx-PuUPA _bspa _cMx-PuUPA _dMx-PuUPA _erda |
||
| 041 | 0 | _aspa | |
| 110 | 2 |
_aEspasa-Calpe, _99284 |
|
| 245 | 1 | 0 |
_aHistoria del arte / _cEspasa Calpe ; [colaboradores], Enrique Arias Anglés, Isidro G. Bango Torviso, Cristóbal Belda Navarro [y otros trece] ; editora, Carolina Reoyo González ; ilustración, Juan Miguel Sánchez Vigil |
| 264 | 1 |
_aEspaña : _bEspasa-Calpe, _c1999 |
|
| 300 |
_axvi, 1400 páginas : _bilustraciones ; _c25 cm. |
||
| 336 |
_2rdacontent _atexto _btxt |
||
| 337 |
_2rdamedia _asin medio _bn |
||
| 338 |
_2rdacarrier _avolumen _bnc |
||
| 490 | 0 | _aEspasa e siglo XXI | |
| 650 | 4 |
_aArte _xHistoria |
|
| 650 | 4 |
_aArte _xHistoria _vEnciclopedias |
|
| 700 | 1 |
_aArias Anglés, Enrique, _ecolaborador |
|
| 700 | 1 |
_aBango Torviso, Isidro G., _ecolaborador |
|
| 700 | 1 |
_aBelda Navarro, Cristóbal, _dcolaborador |
|
| 700 | 1 |
_aReoyo González, Carolina, _eeditor |
|
| 700 | 1 |
_aSánchez Vigil, Juan Miguel, _eilustrador |
|
| 942 |
_2ddc _cLI _h709 _iH673 |
||